Best Teams in CS2 2025 - Statistics

General Stats
  • This quiz has been taken 65 times
  • The average score is 17 of 28
Answer Stats
Rating 3.0 Team Maps % Correct
1.12 Team Vitality 196
98%
1.03 MOUZ 186
95%
1.06 Natus Vincere 157
93%
1.12 Team Spirit 154
93%
1.05 FaZe Clan 186
88%
1.07 Team Falcons 192
88%
1.08 G2 167
86%
1.03 The MongolZ 197
84%
1.06 FURIA 204
81%
1.03 Team Liquid 145
74%
1.00 Astralis 189
70%
1.04 Aurora 131
70%
0.99 paiN Gaming 161
65%
1.02 HEROIC 158
53%
1.01 3DMAX 194
51%
0.99 M80 77
51%
1.02 GamerLegion 164
49%
1.03 Legacy 109
49%
1.05 PARIVISION 86
44%
1.02 B8 135
42%
0.94 MIBR 79
42%
1.03 TYLOO 118
40%
0.98 BIG 109
37%
1.00 Virtus.pro 135
35%
0.95 FlyQuest 79
23%
0.98 SAW 105
23%
1.02 BetBoom 104
21%
1.05 OG 87
16%
No matching quizzes found
Score Distribution
Percent of People with Each Score
Percentile by Number Answered
Your Score History
You have not taken this quiz